| 000 | 00396 a2200145 4500 | ||
|---|---|---|---|
| 005 | 20250505111149.0 | ||
| 020 | _a0-471-82816-5 | ||
| 082 | _a658 SCH | ||
| 100 | _aSCHERMERHORN, J. R. | ||
| 245 | _aManagement for Productivity. | ||
| 250 | _a2rd Ed | ||
| 260 |
_aNew York, _bJohn Wiley & Sons, _c1986. |
||
| 300 |
_aXxxii, 702p.: ill.; figure, picture _bGlossary & Index _c25cm. |
||
| 942 |
_2ddc _cBKS |
||
| 999 |
_c1906 _d1906 |
||